Antología del teatro costarricense 1890-1950
Guardado en:
| Hovedforfatter: | |
|---|---|
| Format: | Bog |
| Sprog: | Undetermined |
| Udgivet: |
San José, Costa Rica
Editorial de la Universidad de Costa Rica
1993
|
| Fag: | |
| Tags: |
Tilføj Tag
Ingen Tags, Vær først til at tagge denne postø!
|
MARC
| LEADER | 00000nam a2200000Ia 4500 | ||
|---|---|---|---|
| 008 | 170316s9999 xx 000 0 und d | ||
| 090 | |a 792 Q-1a | ||
| 100 | |a Quesada, Alvaro | ||
| 245 | |a Antología del teatro costarricense 1890-1950 | ||
| 260 | |a San José, Costa Rica | ||
| 260 | |b Editorial de la Universidad de Costa Rica | ||
| 260 | |c 1993 | ||
| 300 | |a 477 páginas | ||
| 650 | |a TEATRO | ||
| 999 | |c 19787 |d 19787 | ||
| 040 | |a cru BVZT | ||
| 942 | |c 15 D |h 792 Q-1a |2 z | ||
